| 000 | 00567nam a2200193 a 4500 | ||
|---|---|---|---|
| 001 | 2349 | ||
| 003 | CDMR | ||
| 005 | 20131129135633.0 | ||
| 008 | 130130s1979||||||||||||||||||||||||||||d | ||
| 020 | _a8424908031 | ||
| 040 |
_aCDMR _bcat _cCDMR |
||
| 100 | 1 |
_aBobes Naves, María del Carmen _91758 |
|
| 245 | 1 | 3 |
_aLa semiótica como teoría lingüística _cMaría del Carmen Bobes Naves |
| 250 | _a2a ed. rev. | ||
| 260 |
_aMadrid _c1979 _bGredos |
||
| 490 | 0 |
_aBiblioteca Románica Hispánica. _a Estudios y ensayos _v191 |
|
| 650 | 0 | 4 |
_91282 _aSemiòtica |
| 942 |
_cMON _2udc |
||
| 999 |
_c2349 _d2349 |
||